| 000 | 00318cam a22000977a 4500 | ||
|---|---|---|---|
| 008 | 180718b1956 xxu||||| |||| 00| 0 eng d | ||
| 100 | _aIndia. Rajya Sabha Secretariat | ||
| 245 | _aRajya Sabha debates, Vol. XV-(i), Nos. 1-15 (19 Nov. - 7 Dec. 1956) | ||
| 260 |
_aNew Delhi _bRajya Sabha Secretariat _c1956 |
||
| 300 | _av.p. | ||
| 999 |
_c486191 _d486191 |
||